Score 0/17 Timer 10:00
0 Plays Today
TV Show Character Involved % Correct
ArrowOlicity's First Kiss
48.3%
Masters of SexBill and Virginia Role Play
37.9%
Once Upon a TimeRobin Hood and Regina Kiss
34.5%
Mad MenDon's Threesome
31%
ScandalOlitz has Phone Sex
31%
ReignFrancis and Mary
24.1%
The Mindy ProjectDanny's Stripper Dance
20.7%
the 100Lincoln and Octavia in the Cave
17.2%
Orphan BlackRachel and Paul in the chair
17.2%
TV Show Character Involved % Correct
True BloodJasons Sexy Dream
17.2%
OutlanderThe Wedding Night
17.2%
Game of ThronesKhaleesi and her Boy Toy
10.3%
How to Get Away with MurderConner in the Copy Room
10.3%
True BloodArlene's Sexy Dream
10.3%
ParenthoodJulia and Joel sign Divorce Papers
6.9%
OutlanderClaire Takes Control
6.9%
Game of ThronesPrince Oberyn's Sexy Parties
3.4%
Remove Ads.
Support Sporcle.
Get the best of Sporcle when you Go Orange. This ad-free experience offers more features, more stats, and more fun while also helping to support Sporcle. Thank you for becoming a member.

You're not logged in!

Compare scores with friends on all Sporcle quizzes.
OR
Log In

Show Comments

Extras

Top Quizzes Today


Score Distribution

Your Account Isn't Verified!

In order to create a playlist on Sporcle, you need to verify the email address you used during registration. Go to your Sporcle Settings to finish the process.

Report this User

Report this user for behavior that violates our Community Guidelines.

Details: